علی سردار جعفری / (Record no. 171743)

MARC details
000 -LEADER
fixed length control field 00523nam a22001817a 4500
005 - DATE AND TIME OF LATEST TRANSACTION
control field 20200120115226.0
010 ## - LCCN (DPL NO)
LC control number B-283987
020 ## - INTERNATIONAL STANDARD BOOK NUMBER
Terms of availability 40.00
International Standard Book Number 9788126025299
035 ## - SYSTEM CONTROL NUMBER
System control number B-283987
037 ## - SOURCE OF ACQUISITION
Source of stock number/acquisition BPPD/Pub.
082 ## - DEWEY DECIMAL CLASSIFICATION NUMBER
Classification number 841.08
100 ## - MAIN ENTRY--PERSONAL NAME
Personal name قمر ریس
245 ## - TITLE STATEMENT
Title علی سردار جعفری /
Statement of responsibility, etc قمر ریس
246 ## - VARYING FORM OF TITLE
Title proper/short title Ali Sardar Jafri (Urdu) /
Remainder of title by Qamar Rais
260 ## - PUBLICATION, DISTRIBUTION, ETC. (IMPRINT)
Place of publication, distribution, etc New Delhi
Name of publisher, distributor, etc Sahitya Akademi
Date of publication, distribution, etc 2007 ء
300 ## - PHYSICAL DESCRIPTION
Extent 152p.
Dimensions 21cm(Hb)
942 ## - ADDED ENTRY ELEMENTS (KOHA)
Source of classification or shelving scheme Dewey Decimal Classification
Item type Urdu Bks
Classification part 841.08
Call number suffix ع ل ی
Holdings
Withdrawn status Lost status Not for loan Collection code Home library Current library Date acquired Source of acquisition Cost, normal purchase price Full call number Barcode Copy number Cost, replacement price Koha item type
      Non-fiction Central Library Central Library 20/01/2020 BPPD/Ven. 40.00 841.08 ع ل ی B-283987 1 40.00 Urdu Bks

© Delhi Public Library
Hit Counter
free hit counter